Univer Can (Record no. 10931)
[ view plain ]
| 000 -CABECERA | |
|---|---|
| campo de control de longitud fija | 01350nam a22002657a 4500 |
| 001 - NÚMERO DE CONTROL | |
| campo de control | BRCA_9509 |
| 003 - IDENTIFICADOR DEL NÚMERO DE CONTROL | |
| campo de control | FranzMayer |
| 005 - FECHA Y HORA DE LA ÚLTIMA TRANSACCIÓN | |
| campo de control | 20230823120723.0 |
| 008 - DATOS DE LONGITUD FIJA--INFORMACIÓN GENERAL | |
| campo de control de longitud fija | 230811b |||||||| |||| 00| 0 eng d |
| 040 ## - FUENTE DE LA CATALOGACIÓN | |
| Centro catalogador/agencia de origen | MFM |
| Lengua de catalogación | esp |
| Centro/agencia transcriptor | MFM |
| 050 #0 - SIGNATURA TOPOGRÁFICA DE LA BIBLIOTECA DEL CONGRESO | |
| Número de clasificación | BJ63 |
| Número de documento/Ítem | L83 (S/N) |
| 100 1# - ENTRADA PRINCIPAL--NOMBRE DE PERSONA | |
| Código de función/relación | Autor |
| Nombre de persona | P. Ludovico |
| 9 (RLIN) | 29015 |
| 240 ## - TÍTULO UNIFORME | |
| Título uniforme | Univer Can |
| Medio | Juxta triplex juris obj. Nunc vero fervato ordine Decre & Indice copioso locupletatum; Privilegiis Monasferiorum, novissim |
| Lenguaje de la obra | Latín |
| 245 0# - MENCIÓN DE TÍTULO | |
| Título | Univer Can |
| Resto del título | Juxta triplex juris obj. Nunc vero fervato ordine Decre & Indice copioso locupletatum; Privilegiis Monasferiorum, novissim |
| 260 ## - PUBLICACIÓN, DISTRIBUCIÓN, ETC. | |
| Lugar de publicación, distribución, etc. | Venecia |
| 300 ## - DESCRIPCIÓN FÍSICA | |
| Extensión | Sin numeración |
| Dimensiones | 40 cm |
| 500 ## - NOTA GENERAL | |
| Nota general | El libro presenta mucho daño lo que dificulta su lectura ,así mismo genera que se desconozcan datos como el nombre completo, nombre completo del autor o año y lugar de publicación. |
| 500 ## - NOTA GENERAL | |
| Nota general | Fondo antiguo |
| 500 ## - NOTA GENERAL | |
| Nota general | Ejemplar s encuentra en caja fuerte |
| 501 ## - NOTA DE "CON" | |
| Nota de “Con” | Fondo reservado: para su consulta es necesario credencial de usuario y carta motivos |
| 505 ## - NOTA DE CONTENIDO CON FORMATO | |
| Nota de contenido con formato | Texto en: latínDirigido a: científicos, estudiosos, historiadoresIncluye índice temático |
| 650 1# - PUNTO DE ACCESO ADICIONAL DE MATERIA--TÉRMINO DE MATERIA | |
| Fuente del encabezamiento o término | Trabajos generales |
| Término de materia o nombre geográfico como elemento de entrada | Enciclopedia |
| Subdivisión de forma | Diccionario |
| 9 (RLIN) | 29016 |
| 651 2# - PUNTO DE ACCESO ADICIONAL DE MATERIA--NOMBRE GEOGRÁFICO | |
| Fuente del encabezamiento o término | Enciclopedias universales |
| Nombre geográfico | Enciclopedias generales |
| Subdivisión de forma | Enciclopedias en latín |
| 9 (RLIN) | 29017 |
| 942 ## - ELEMENTOS DE PUNTO DE ACCESO ADICIONAL (KOHA) | |
| Fuente del sistema de clasificación o colocación | Library of Congress Classification |
| Tipo de ítem Koha | Libros |
| Estado de retiro | Estado de pérdida | Fuente del sistema de clasificación o colocación | Estado dañado | No para préstamo | Código de colección | Localización permanente | Ubicación/localización actual | Fecha de adquisición | Fuente de adquisición | Total de préstamos | Signatura topográfica completa | Código de barras | Fecha visto por última vez | Precio válido a partir de | Tipo de ítem Koha |
|---|---|---|---|---|---|---|---|---|---|---|---|---|---|---|---|
| El ejemplar forma parte de la colección y puede ser consultado según las políticas vigentes. | Library of Congress Classification | Libros Antiguos y Raros | Biblioteca del Museo Franz Mayer (Rogerio Casas-Alatriste) | Biblioteca del Museo Franz Mayer (Rogerio Casas-Alatriste) | 11/08/2023 | Donación | BJ63 L83 (S/N) | LAR00195 | 11/08/2023 | 11/08/2023 | Libros |